[Event "ODJM C 2023"]
[Site "Willingen GER"]
[Date "2023.06.03"]
[Round "9"]
[White "Krömer, Antonius"]
[Black "Finck, Julius"]
[Result "0-1"]
[Termination "normal"]
[Board "20"]
[WhiteElo "1353"]
[BlackElo "1071"]
[WhiteClock "00:49:53"]
[BlackClock "00:29:08"]
[PlyCount "68"]
[WhiteFideId "34660518"]
[BlackFideId "34660429"]
[EventCountry "GER"]
[EventRounds "9"]
[EventType "swiss"]
[EventDate "2023.05.27"]

1. d4 {[%clk 01:30:54]} {[%emt 00:00:06]} d5 {[%clk 01:30:54]} {[%emt
00:00:05]} 2. e3 {[%clk 01:30:28]} {[%emt 00:00:56]} Nf6 {[%clk 01:27:33]}
{[%emt 00:03:51]} 3. Nf3 {[%clk 01:29:59]} {[%emt 00:00:59]} c5 {[%clk
01:27:28]} {[%emt 00:00:33]} 4. b3 {[%clk 01:30:00]} {[%emt 00:00:32]} cxd4
{[%clk 01:27:46]} {[%emt 00:00:11]} 5. exd4 {[%clk 01:30:14]} {[%emt 00:00:16]}
Nc6 {[%clk 01:27:51]} {[%emt 00:00:25]} 6. Ba3 {[%clk 01:26:30]} {[%emt
00:04:14]} Bg4 {[%clk 01:24:03]} {[%emt 00:04:16]} 7. Be2 {[%clk 01:25:34]}
{[%emt 00:01:29]} g6 {[%clk 01:17:35]} {[%emt 00:06:57]} 8. h3 {[%clk
01:24:29]} {[%emt 00:01:35]} Be6 {[%clk 01:15:41]} {[%emt 00:02:22]} 9. O-O
{[%clk 01:22:19]} {[%emt 00:02:42]} Bg7 {[%clk 01:12:21]} {[%emt 00:03:50]} 10.
Nc3 {[%clk 01:22:17]} {[%emt 00:00:31]} O-O {[%clk 01:10:41]} {[%emt 00:02:12]}
11. Bb2 {[%clk 01:20:30]} {[%emt 00:02:17]} Qc7 {[%clk 01:09:36]} {[%emt
00:01:34]} 12. Qd2 {[%clk 01:18:38]} {[%emt 00:02:23]} Rad8 {[%clk 01:01:51]}
{[%emt 00:08:15]} 13. Rad1 {[%clk 01:15:33]} {[%emt 00:03:36]} Ne4 {[%clk
01:00:00]} {[%emt 00:02:21]} 14. Qe3 {[%clk 01:11:40]} {[%emt 00:04:22]} f5
{[%clk 00:57:56]} {[%emt 00:02:33]} 15. Nb5 {[%clk 01:06:25]} {[%emt 00:05:46]}
Qb6 {[%clk 00:50:09]} {[%emt 00:08:13]} 16. Ne5 {[%clk 01:06:33]} {[%emt
00:00:26]} Nxe5 {[%clk 00:49:00]} {[%emt 00:01:37]} 17. dxe5 {[%clk 01:06:54]}
{[%emt 00:00:11]} Qxe3 {[%clk 00:44:30]} {[%emt 00:05:00]} 18. fxe3 {[%clk
01:07:13]} {[%emt 00:00:11]} Rc8 {[%clk 00:40:59]} {[%emt 00:03:55]} 19. Rc1
{[%clk 01:05:33]} {[%emt 00:02:16]} a6 {[%clk 00:39:08]} {[%emt 00:02:21]} 20.
Na3 {[%clk 01:03:59]} {[%emt 00:02:05]} Bh6 {[%clk 00:38:05]} {[%emt 00:01:32]}
21. Bd4 {[%clk 01:03:24]} {[%emt 00:01:05]} Ng3 {[%clk 00:35:04]} {[%emt
00:03:28]} 22. Rfe1 {[%clk 01:03:12]} {[%emt 00:00:45]} f4 {[%clk 00:34:52]}
{[%emt 00:00:39]} 23. Bg4 {[%clk 01:03:05]} {[%emt 00:00:39]} Bxg4 {[%clk
00:34:53]} {[%emt 00:00:29]} 24. hxg4 {[%clk 01:03:28]} {[%emt 00:00:07]} fxe3
{[%clk 00:34:33]} {[%emt 00:00:49]} 25. Bxe3 {[%clk 01:03:42]} {[%emt
00:00:17]} Bxe3+ {[%clk 00:33:09]} {[%emt 00:01:54]} 26. Rxe3 {[%clk 01:03:54]}
{[%emt 00:00:18]} Ne4 {[%clk 00:32:59]} {[%emt 00:00:40]} 27. Kh2 {[%clk
01:03:22]} {[%emt 00:01:02]} Rf4 {[%clk 00:31:40]} {[%emt 00:01:48]} 28. Kh3
{[%clk 01:02:22]} {[%emt 00:01:31]} d4 {[%clk 00:31:19]} {[%emt 00:00:48]} 29.
Ree1 {[%clk 01:00:12]} {[%emt 00:02:43]} Nf2+ {[%clk 00:30:21]} {[%emt
00:01:28]} 30. Kg3 {[%clk 00:59:26]} {[%emt 00:01:15]} Rff8 {[%clk 00:30:29]}
{[%emt 00:00:22]} 31. Nc4 {[%clk 00:59:23]} {[%emt 00:00:34]} d3 {[%clk
00:30:09]} {[%emt 00:00:49]} 32. Re3 {[%clk 00:57:15]} {[%emt 00:02:39]} b5
{[%clk 00:29:41]} {[%emt 00:00:47]} 33. Na3 {[%clk 00:54:12]} {[%emt 00:03:44]}
d2 {[%clk 00:29:48]} {[%emt 00:00:24]} 34. Rf1 {[%clk 00:49:53]} {[%emt
00:04:49]} Ne4+ {[%clk 00:29:08]} {[%emt 00:01:09]} 0-1

[Event "ODJM C 2023"]
[Site "Willingen GER"]
[Date "2023.06.03"]
[Round "9"]
[White "Moissl, Felix"]
[Black "Lohrmann, Flavia"]
[Result "1-0"]
[Termination "normal"]
[Board "21"]
[WhiteElo "1390"]
[BlackElo "1066"]
[WhiteClock "01:19:45"]
[BlackClock "00:40:44"]
[PlyCount "95"]
[WhiteFideId "34623574"]
[BlackFideId "12982865"]
[EventCountry "GER"]
[EventRounds "9"]
[EventType "swiss"]
[EventDate "2023.05.27"]

1. e4 {[%clk 01:30:57]} {[%emt 00:00:02]} e5 {[%clk 01:30:56]} {[%emt
00:00:05]} 2. Nf3 {[%clk 01:31:21]} {[%emt 00:00:07]} Nc6 {[%clk 01:31:19]}
{[%emt 00:00:07]} 3. Bc4 {[%clk 01:31:47]} {[%emt 00:00:04]} Bc5 {[%clk
01:31:18]} {[%emt 00:00:30]} 4. O-O {[%clk 01:31:50]} {[%emt 00:00:27]} Nf6
{[%clk 01:30:29]} {[%emt 00:01:19]} 5. d3 {[%clk 01:31:59]} {[%emt 00:00:21]}
d6 {[%clk 01:29:11]} {[%emt 00:01:48]} 6. Bg5 {[%clk 01:32:02]} {[%emt
00:00:27]} h6 {[%clk 01:26:42]} {[%emt 00:02:59]} 7. Bh4 {[%clk 01:31:57]}
{[%emt 00:00:35]} O-O {[%clk 01:23:10]} {[%emt 00:04:01]} 8. c3 {[%clk
01:32:10]} {[%emt 00:00:18]} Bg4 {[%clk 01:16:15]} {[%emt 00:07:25]} 9. a4
{[%clk 01:32:10]} {[%emt 00:00:30]} g5 {[%clk 01:05:11]} {[%emt 00:11:33]} 10.
Bxg5 {[%clk 01:28:21]} {[%emt 00:04:19]} hxg5 {[%clk 01:00:57]} {[%emt
00:04:44]} 11. b4 {[%clk 01:28:29]} {[%emt 00:00:22]} Bxb4 {[%clk 00:59:07]}
{[%emt 00:02:21]} 12. cxb4 {[%clk 01:28:51]} {[%emt 00:00:08]} Nxb4 {[%clk
00:58:53]} {[%emt 00:00:44]} 13. Qb3 {[%clk 01:28:23]} {[%emt 00:00:58]} Bxf3
{[%clk 00:50:40]} {[%emt 00:08:43]} 14. gxf3 {[%clk 01:27:01]} {[%emt
00:01:52]} Nc6 {[%clk 00:50:33]} {[%emt 00:00:37]} 15. Kh1 {[%clk 01:24:58]}
{[%emt 00:02:32]} Nd4 {[%clk 00:49:21]} {[%emt 00:01:42]} 16. Qd1 {[%clk
01:25:12]} {[%emt 00:00:16]} Nh5 {[%clk 00:48:52]} {[%emt 00:00:59]} 17. Nd2
{[%clk 01:22:44]} {[%emt 00:02:58]} Nf4 {[%clk 00:48:19]} {[%emt 00:01:03]} 18.
Nb3 {[%clk 01:21:31]} {[%emt 00:01:42]} Kg7 {[%clk 00:46:32]} {[%emt 00:02:17]}
19. Nxd4 {[%clk 01:21:38]} {[%emt 00:00:23]} exd4 {[%clk 00:46:51]} {[%emt
00:00:11]} 20. Qd2 {[%clk 01:20:28]} {[%emt 00:01:40]} Qf6 {[%clk 00:46:22]}
{[%emt 00:00:59]} 21. Rg1 {[%clk 01:20:02]} {[%emt 00:00:56]} Nh3 {[%clk
00:46:23]} {[%emt 00:00:29]} 22. Rg3 {[%clk 01:20:03]} {[%emt 00:00:28]} Rh8
{[%clk 00:46:06]} {[%emt 00:00:49]} 23. f4 {[%clk 01:16:10]} {[%emt 00:04:23]}
Nxf4 {[%clk 00:44:19]} {[%emt 00:02:17]} 24. Rag1 {[%clk 01:16:13]} {[%emt
00:00:27]} Kf8 {[%clk 00:42:53]} {[%emt 00:01:57]} 25. Rxg5 {[%clk 01:15:57]}
{[%emt 00:00:46]} Qh6 {[%clk 00:40:39]} {[%emt 00:02:44]} 26. Qxf4 {[%clk
01:15:49]} {[%emt 00:00:38]} Rh7 {[%clk 00:39:47]} {[%emt 00:01:22]} 27. Rg8+
{[%clk 01:15:28]} {[%emt 00:00:51]} Ke7 {[%clk 00:39:17]} {[%emt 00:01:00]} 28.
Qxh6 {[%clk 01:15:48]} {[%emt 00:00:09]} Rxh6 {[%clk 00:38:59]} {[%emt
00:00:48]} 29. Rxa8 {[%clk 01:16:10]} {[%emt 00:00:08]} Rf6 {[%clk 00:37:01]}
{[%emt 00:02:28]} 30. Rg7 {[%clk 01:15:58]} {[%emt 00:00:41]} Rxf2 {[%clk
00:36:58]} {[%emt 00:00:34]} 31. Rxf7+ {[%clk 01:15:10]} {[%emt 00:01:18]} Rxf7
{[%clk 00:37:03]} {[%emt 00:00:25]} 32. Bxf7 {[%clk 01:15:33]} {[%emt
00:00:06]} Kxf7 {[%clk 00:37:30]} {[%emt 00:00:03]} 33. Rxa7 {[%clk 01:15:56]}
{[%emt 00:00:08]} Ke6 {[%clk 00:37:36]} {[%emt 00:00:23]} 34. Rxb7 {[%clk
01:16:18]} {[%emt 00:00:08]} c5 {[%clk 00:38:03]} {[%emt 00:00:03]} 35. Rc7
{[%clk 01:16:10]} {[%emt 00:00:37]} Ke5 {[%clk 00:38:18]} {[%emt 00:00:15]} 36.
Kg2 {[%clk 01:16:29]} {[%emt 00:00:11]} Kf4 {[%clk 00:38:28]} {[%emt 00:00:21]}
37. Kf2 {[%clk 01:16:53]} {[%emt 00:00:06]} Ke5 {[%clk 00:38:13]} {[%emt
00:00:45]} 38. a5 {[%clk 01:17:18]} {[%emt 00:00:05]} d5 {[%clk 00:38:38]}
{[%emt 00:00:06]} 39. exd5 {[%clk 01:17:39]} {[%emt 00:00:09]} Kxd5 {[%clk
00:39:01]} {[%emt 00:00:07]} 40. a6 {[%clk 01:18:01]} {[%emt 00:00:08]} Kd6
{[%clk 00:38:44]} {[%emt 00:00:46]} 41. Rg7 {[%clk 01:18:09]} {[%emt 00:00:22]}
Kc6 {[%clk 00:39:03]} {[%emt 00:00:12]} 42. a7 {[%clk 01:18:33]} {[%emt
00:00:06]} Kb5 {[%clk 00:39:29]} {[%emt 00:00:04]} 43. Rb7+ {[%clk 01:18:45]}
{[%emt 00:00:18]} Kc6 {[%clk 00:39:50]} {[%emt 00:00:08]} 44. a8=Q {[%clk
01:18:56]} {[%emt 00:00:18]} Kd6 {[%clk 00:39:57]} {[%emt 00:00:24]} 45. Qd8+
{[%clk 01:19:05]} {[%emt 00:00:20]} Kc6 {[%clk 00:40:09]} {[%emt 00:00:18]} 46.
Rc7+ {[%clk 01:19:29]} {[%emt 00:00:06]} Kb6 {[%clk 00:40:21]} {[%emt
00:00:18]} 47. Qb8+ {[%clk 01:19:53]} {[%emt 00:00:06]} Ka5 {[%clk 00:40:44]}
{[%emt 00:00:08]} 48. Ra7# {[%clk 01:19:45]} {[%emt 00:00:07]} 1-0

[Event "ODJM C 2023"]
[Site "Willingen GER"]
[Date "2023.06.03"]
[Round "9"]
[White "Hasselmann, Isabelle Sophia"]
[Black "Reh, Krispin"]
[Result "1/2-1/2"]
[Termination "normal"]
[Board "22"]
[WhiteElo "1110"]
[BlackElo "1083"]
[WhiteClock "00:44:41"]
[BlackClock "00:28:37"]
[PlyCount "68"]
[WhiteFideId "16266951"]
[BlackFideId "16299205"]
[EventCountry "GER"]
[EventRounds "9"]
[EventType "swiss"]
[EventDate "2023.05.27"]

1. e4 {[%clk 01:30:59]} c6 {[%clk 01:30:51]} {[%emt 00:00:09]} 2. Nf3 {[%clk
01:31:24]} {[%emt 00:00:04]} d5 {[%clk 01:31:17]} {[%emt 00:00:05]} 3. Nc3
{[%clk 01:31:50]} {[%emt 00:00:04]} dxe4 {[%clk 01:30:50]} {[%emt 00:00:57]} 4.
Nxe4 {[%clk 01:32:14]} {[%emt 00:00:06]} Bf5 {[%clk 01:31:11]} {[%emt
00:00:09]} 5. Ng3 {[%clk 01:32:38]} {[%emt 00:00:06]} Bg6 {[%clk 01:31:33]}
{[%emt 00:00:08]} 6. h4 {[%clk 01:33:03]} {[%emt 00:00:05]} Nd7 {[%clk
01:30:58]} {[%emt 00:01:05]} 7. h5 {[%clk 01:33:13]} {[%emt 00:00:20]} Bxc2
{[%clk 01:25:38]} {[%emt 00:05:48]} 8. Qxc2 {[%clk 01:33:38]} {[%emt 00:00:07]}
h6 {[%clk 01:25:52]} {[%emt 00:00:16]} 9. d4 {[%clk 01:32:47]} {[%emt
00:01:21]} e6 {[%clk 01:25:47]} {[%emt 00:00:35]} 10. Bd3 {[%clk 01:32:14]}
{[%emt 00:01:04]} Ngf6 {[%clk 01:25:27]} {[%emt 00:00:49]} 11. O-O {[%clk
01:31:48]} {[%emt 00:00:56]} Bd6 {[%clk 01:25:33]} {[%emt 00:00:24]} 12. Ne4
{[%clk 01:31:33]} {[%emt 00:00:45]} Bc7 {[%clk 01:22:58]} {[%emt 00:03:05]} 13.
Nxf6+ {[%clk 01:23:19]} {[%emt 00:08:44]} Nxf6 {[%clk 01:23:13]} {[%emt
00:00:15]} 14. Be3 {[%clk 01:15:58]} {[%emt 00:07:52]} Nxh5 {[%clk 01:20:21]}
{[%emt 00:03:21]} 15. Ne5 {[%emt 00:03:06]} Nf6 {[%clk 01:18:58]} 16. Rad1
{[%clk 01:10:08]} {[%emt 00:05:38]} O-O {[%clk 01:18:04]} {[%emt 00:01:24]} 17.
Qc1 {[%clk 01:05:23]} {[%emt 00:05:16]} Bd6 {[%clk 00:59:20]} {[%emt 00:19:14]}
18. Bxh6 {[%clk 01:05:03]} {[%emt 00:00:51]} gxh6 {[%clk 00:46:09]} {[%emt
00:13:40]} 19. Qxh6 {[%clk 01:05:25]} {[%emt 00:00:08]} Re8 {[%clk 00:45:46]}
{[%emt 00:00:53]} 20. g4 {[%clk 01:03:05]} {[%emt 00:02:50]} Bf8 {[%clk
00:45:28]} {[%emt 00:00:47]} 21. Qh3 {[%clk 01:02:14]} {[%emt 00:01:22]} Bg7
{[%clk 00:42:17]} {[%emt 00:03:41]} 22. g5 {[%clk 01:00:18]} {[%emt 00:02:26]}
Kf8 {[%clk 00:41:48]} {[%emt 00:00:58]} 23. gxf6 {[%clk 01:00:14]} {[%emt
00:00:35]} Bxf6 {[%clk 00:41:03]} {[%emt 00:01:15]} 24. Qh6+ {[%clk 00:55:18]}
{[%emt 00:05:25]} Bg7 {[%clk 00:41:01]} {[%emt 00:00:33]} 25. Qf4 {[%clk
00:55:26]} {[%emt 00:00:23]} Bf6 {[%clk 00:40:26]} {[%emt 00:01:05]} 26. Ng4
{[%clk 00:47:23]} {[%emt 00:08:33]} Qxd4 {[%clk 00:33:59]} {[%emt 00:06:58]}
27. Qxd4 {[%clk 00:44:29]} {[%emt 00:03:24]} Bxd4 {[%clk 00:34:20]} {[%emt
00:00:08]} 28. b3 {[%clk 00:44:43]} {[%emt 00:00:16]} Ke7 {[%clk 00:34:09]}
{[%emt 00:00:41]} 29. Ne3 {[%clk 00:44:05]} {[%emt 00:01:08]} Rg8+ {[%clk
00:33:30]} {[%emt 00:01:09]} 30. Kh2 {[%clk 00:44:17]} {[%emt 00:00:18]} Rg5
{[%clk 00:32:17]} {[%emt 00:01:42]} 31. Ng2 {[%clk 00:44:21]} {[%emt 00:00:28]}
Rh8+ {[%clk 00:31:38]} {[%emt 00:01:09]} 32. Kg1 {[%clk 00:44:48]} {[%emt
00:00:04]} Rgh5 {[%clk 00:30:05]} {[%emt 00:02:03]} 33. Nf4 {[%clk 00:44:18]}
{[%emt 00:01:00]} Rg5+ {[%clk 00:28:16]} {[%emt 00:02:18]} 34. Ng2 {[%clk
00:44:41]} {[%emt 00:00:06]} Rgh5 {[%clk 00:28:37]} {[%emt 00:00:09]} 1/2-1/2

[Event "ODJM C 2023"]
[Site "Willingen GER"]
[Date "2023.06.03"]
[Round "9"]
[White "Classen, Miguel"]
[Black "Moissl, Julian"]
[Result "0-1"]
[Termination "normal"]
[Board "23"]
[WhiteElo "1200"]
[BlackElo "1160"]
[WhiteClock "01:23:09"]
[BlackClock "00:56:43"]
[PlyCount "78"]
[WhiteFideId "34623825"]
[BlackFideId "16295129"]
[EventCountry "GER"]
[EventRounds "9"]
[EventType "swiss"]
[EventDate "2023.05.27"]

1. e4 {[%clk 01:30:59]} {[%emt 01:07:10]} e5 {[%clk 01:30:52]} {[%emt
00:00:09]} 2. Nf3 {[%clk 01:31:26]} {[%emt 00:00:03]} Nc6 {[%clk 01:31:17]}
{[%emt 00:00:05]} 3. Bb5 {[%clk 01:31:51]} {[%emt 00:00:04]} a6 {[%clk
01:31:34]} {[%emt 00:00:14]} 4. Ba4 {[%clk 01:32:14]} {[%emt 00:00:07]} Nf6
{[%clk 01:31:39]} {[%emt 00:00:24]} 5. O-O {[%clk 01:32:34]} {[%emt 00:00:10]}
b5 {[%clk 01:31:58]} {[%emt 00:00:11]} 6. Bb3 {[%clk 01:32:58]} {[%emt
00:00:06]} Be7 {[%clk 01:32:11]} {[%emt 00:00:17]} 7. Re1 {[%clk 01:33:17]}
{[%emt 00:00:11]} O-O {[%clk 01:31:26]} {[%emt 00:01:16]} 8. c3 {[%clk
01:33:38]} {[%emt 00:00:08]} d6 {[%clk 01:30:27]} {[%emt 00:01:29]} 9. h3
{[%clk 01:33:56]} {[%emt 00:00:12]} Bb7 {[%clk 01:28:55]} {[%emt 00:02:03]} 10.
d4 {[%clk 01:34:06]} {[%emt 00:00:20]} Qd7 {[%clk 01:27:31]} {[%emt 00:01:54]}
11. d5 {[%clk 01:33:53]} {[%emt 00:00:42]} Na5 {[%clk 01:25:26]} {[%emt
00:02:36]} 12. Bc2 {[%clk 01:33:30]} {[%emt 00:00:52]} c6 {[%clk 01:23:21]}
{[%emt 00:02:34]} 13. dxc6 {[%clk 01:31:14]} {[%emt 00:02:46]} Nxc6 {[%clk
01:22:18]} {[%emt 00:01:34]} 14. Nbd2 {[%clk 01:31:31]} {[%emt 00:00:13]} Rac8
{[%clk 01:20:50]} {[%emt 00:01:58]} 15. Nf1 {[%clk 01:31:48]} {[%emt 00:00:13]}
h6 {[%clk 01:19:55]} {[%emt 00:01:25]} 16. Ng3 {[%clk 01:32:01]} {[%emt
00:00:16]} Rfd8 {[%clk 01:18:10]} {[%emt 00:02:15]} 17. Nf5 {[%clk 01:31:43]}
{[%emt 00:00:48]} Kf8 {[%clk 01:14:21]} {[%emt 00:04:20]} 18. Nh2 {[%clk
01:30:48]} {[%emt 00:01:25]} d5 {[%clk 01:12:25]} {[%emt 00:02:26]} 19. exd5
{[%clk 01:30:54]} {[%emt 00:00:24]} Qxd5 {[%clk 01:11:21]} {[%emt 00:01:34]}
20. Qe2 {[%clk 01:29:08]} {[%emt 00:02:15]} Nd4 {[%clk 01:10:56]} {[%emt
00:00:57]} 21. Ne3 {[%clk 01:23:56]} {[%emt 00:05:42]} Nxe2+ {[%clk 01:11:03]}
{[%emt 00:00:23]} 22. Rxe2 {[%clk 01:24:20]} {[%emt 00:00:06]} Qc6 {[%clk
01:09:30]} {[%emt 00:02:04]} 23. f4 {[%clk 01:23:16]} {[%emt 00:01:33]} exf4
{[%clk 01:06:57]} {[%emt 00:03:03]} 24. Nf5 {[%clk 01:23:27]} {[%emt 00:00:19]}
Re8 {[%clk 01:05:33]} {[%emt 00:01:54]} 25. Bxf4 {[%clk 01:23:38]} {[%emt
00:00:17]} Bc5+ {[%clk 01:04:19]} {[%emt 00:01:46]} 26. Be3 {[%clk 01:23:37]}
{[%emt 00:00:31]} Bxe3+ {[%clk 01:04:29]} {[%emt 00:00:21]} 27. Nxe3 {[%clk
01:23:55]} {[%emt 00:00:12]} Rxe3 {[%clk 01:04:36]} {[%emt 00:00:23]} 28. Rd2
{[%clk 01:23:53]} {[%emt 00:00:32]} Rce8 {[%clk 01:03:45]} {[%emt 00:01:21]}
29. Nf3 {[%clk 01:24:06]} {[%emt 00:00:17]} Re2 {[%clk 01:02:38]} {[%emt
00:01:38]} 30. Rad1 {[%clk 01:23:34]} {[%emt 00:01:01]} Rxd2 {[%clk 01:02:26]}
{[%emt 00:00:41]} 31. Rxd2 {[%clk 01:23:54]} {[%emt 00:00:10]} Qc5+ {[%clk
01:00:07]} {[%emt 00:02:49]} 32. Kf1 {[%clk 01:23:57]} {[%emt 00:00:27]} Bxf3
{[%clk 00:58:31]} {[%emt 00:02:06]} 33. gxf3 {[%clk 01:23:29]} {[%emt
00:00:58]} Qe5 {[%clk 00:57:39]} {[%emt 00:01:22]} 34. Kf2 {[%clk 01:23:43]}
{[%emt 00:00:16]} Qe1+ {[%clk 00:57:19]} {[%emt 00:00:50]} 35. Kg2 {[%clk
01:21:44]} {[%emt 00:02:29]} Qxd2+ {[%clk 00:57:21]} {[%emt 00:00:28]} 36. Kg3
{[%clk 01:22:08]} {[%emt 00:00:05]} Qxc2 {[%clk 00:57:40]} {[%emt 00:00:12]}
37. c4 {[%clk 01:22:30]} {[%emt 00:00:08]} Re2 {[%clk 00:57:19]} {[%emt
00:00:51]} 38. a4 {[%clk 01:22:49]} {[%emt 00:00:12]} Qg6+ {[%clk 00:57:09]}
{[%emt 00:00:40]} 39. Kf4 {[%clk 01:23:09]} {[%emt 00:00:09]} Qg5# {[%clk
00:56:43]} {[%emt 00:00:10]} 0-1